00756nam a2200193Ia 4500003000900000005001700009008004100026040003100067040001300098041000800111100002300119100000800142245005400150260003900204300001700243490002000260500002000280520026200300IT-RoPAU20220918175802.0120407s9999 xx 000 0 und d aIT-RoPAUc20140510101528.0 cIT-RoPAU aita aRicci Maria Lucia  csr. aLa nostra regola di vita.b1. Tappe di un cammino c1988aRoma bCasa Generalizia PDDM a24 p.c21 cm vVol. n. 4aPDDM aUso manoscritto aIndice Presentazione Varie tappe di un cammino: 1923 - 1985 - 1923 - 1924 - 1926 - 1928 - 1929 - 1932 - 1943 Preparazione al riconoscimento giuridico con vita propria - 1945 - 1946 - 1947 - 1948 - 1957 - 1960 - 1969 - 1973 - 1975 - 1981 - 1984 Conclusione